Online Public Access Catalogue

Kistner's gynecology (Record no. 67)

MARC details
000 -LEADER
fixed length control field 00434nam a2200157Ia 4500
020 ## - INTERNATIONAL STANDARD BOOK NUMBER
International Standard Book Number 1815174799
082 ## - DEWEY DECIMAL CLASSIFICATION NUMBER
Classification number 618.1
Author Mark RYA
100 ## - MAIN ENTRY--PERSONAL NAME
Author Name Ryan, Kenneth J.
245 #0 - TITLE STATEMENT
Title Kistner's gynecology
Subtitle principles and practice
250 ## - EDITION STATEMENT
Edition statement 6th
260 ## - PUBLICATION, DISTRIBUTION, ETC.
Place of publication, distribution, etc. USA
Name of publisher, distributor, etc. Mosby
Date of publication, distribution, etc. 1995
300 ## - PHYSICAL DESCRIPTION
No of Pages 717 p.
illustrations :ill;
504 ## - BIBLIOGRAPHY, ETC. NOTE
Bibliography, Index, etc. note including index and bibliography
650 ## - SUBJECT ADDED ENTRY--TOPICAL TERM
Subject Gynecology
Keywords Uterine
-- Menstrual cycle
-- Ovary
-- Vagina
-- IMDC
942 ## - ADDED ENTRY ELEMENTS (KOHA)
Koha item type Books
Source of classification or shelving scheme
Holdings
Item status Home library Current library Shelving location Date acquired Total Checkouts Full call number Barcode Date last seen Koha item type
  Islamabad Medical and Dental College Islamabad Medical and Dental College Islamabad Medical and Dental College 16/03/2018   618.1 RYA 0067 16/03/2018 Books

Copyright @ IMDC Library
Islamabad Medical and Dental College
Bhara Kahu, Islamabad

  Contact the Librarian, IMDC
  Email:: library@imdcollege.edu.pk

  OPAC Customized by
  Mazhar Hussain,
  Librarian:
  Islamabad Medical and Dental College
  Email:: library@imdcollege.edu.pk